000 00610nam a2200193 4500
003 OSt
005 20140310182206.0
008 130904t xxu||||| |||| 00| 0 eng d
050 _aDS 511
_b. L46 1966
082 _aHS 950
_b Le 55 1966
100 _aLeogardo Felicitas Tensuan
_916497
245 _aHistory of the Orient :
_bA brief history of the far east /
_c Felicitas Tensuan-Leogardo,
250 _aNew Ed.
260 _aManila, Philippines :
_b Philippine Book Co,
_c 1966.
300 _a363p. :
_bill. ;
_c22cm.
650 _aHistory
_xPhilippines
_916499
942 _2lcc
_cHS
999 _c10339
_d10339